00460nam a22001697a 450000500170000001000150001702000260003203500140005803700090007208200110008124500260009225000060011826000410012427000880016530000200025350000170027320250707110810.0 aENG-145716 a9789367133576c640.00 aEN-129248 bDBAD a54022 aFoundation Chemistry/ a2 aNoidabPearson India Educationc2025 a15th Floor, Towe-B, World Trade Tower, Plot No.1, Block-C, Sector-16bNoidae201301 avpp.c28cm(pbk) aFor Class 10